000 00454nam a2200145Ia 4500
008 151213s9999 xx 000 0 und d
100 _aFarrell, E. J. & Miller,J.E.
245 _aThe perceptive 1:
_ba personal reader and writer
_cFarrell, E. J. & Miller,J.E.
260 _aLincolrwood, Illius.
_bNTC pub.
_c1997
300 _a1740 p.
650 _aEnglish Language
650 _aEnglish Language
700 _aFarrell, E. J. & Miller,J.E.
999 _c1282
_d1282